Word Ladder: Proverb II Quiz Stats

 Plays Quiz Updated Dec 10, 2014

Challenge
Share
Tweet
Embed
Score 0/17 Timer 02:00
2 Plays Today
Clue 4-Letter Answer % Correct
1981 movie: ''Raiders of the ____ Ark''LOST
97.1%
It's not whether you win or ____, it's how you play the gameLOSE
96.8%
Shelter often used when campingTENT
95.5%
Oft-quoted phrase: ''____ we forget''LEST
94.3%
Cliché: pull a ____ oneFAST
94%
Flexible tube for moving a liquid, often used in the yardHOSE
92%
1962 movie: ''This Is Not a ____''TEST
90.8%
Left; departedWENT
86%
Big celebrationFEST
84.5%
Clue 4-Letter Answer % Correct
★ Catcher's base, or Proverb: [rung 1], [rung 4], ____ is [rung 17] ★●HOME●
81.7%
★ Toward sunset, or Proverb: [rung 1], ____, [rung 12] is [rung 17] ★●WEST●
81.5%
Assume a particular stance or attitude, perhaps to impress othersPOSE
81.3%
Cockroach or termitePEST
79.3%
Capital of TogoLOMÉ
77.7%
★ Toward sunrise, or Proverb: ____, [rung 4], [rung 12] is [rung 17] ★●EAST●
76.9%
Dumb as a ____POST
74.7%
★ Second to none, or Proverb: [rung 1], [rung 4], [rung 12] is ____●BEST●
73.6%

Today's Daily Dose

Missing Word
Biopics

Word Ladder
Food Idioms

Quick Pick
Diets

On This Day
December 18th II

You're not logged in!

Compare scores with friends on all Sporcle quizzes.
OR
Log In

You Might Also Like...

Show Comments

Extras

Top Quizzes Today


Score Distribution

Your Account Isn't Verified!

In order to create a playlist on Sporcle, you need to verify the email address you used during registration. Go to your Sporcle Settings to finish the process.

Report this User

Report this user for behavior that violates our Community Guidelines.

Details: